000 00490nam a2200181Ia 4500
008 180207s9999 xx 000 0 und d
020 _a9780525446248
050 _bP845 1991
100 _aPorter-Gaylord, Laurel
245 _aI love my daddy because… /
245 _cby Laurel Porter-Gaylord ; pictures by Ashley Wolff.
260 _aNew York :
260 _bDutton Children's Books,
260 _c1991
300 _aunpaged :
300 _bchiefly colored ;
300 _c21cm.
999 _c355752
_d355752